000 00641nam a2200145 4500
008 030206s1998 ph chi
020 _a9715017630
090 _aBS315.C5
_bB47ccv
_b1998
245 1 0 _a牧靈聖經--天主教聖經正經版本之全譯本 Catholic Chinese version {ch} /
_c王凌 edited by Wang Ling.
260 _aQuezon City :
_b 聖保祿國際出版公司 ;聖母聖心愛子會國際出版公司 ; 聖言會國際出版公司 Claretian,
_cc1998.
300 _av.p.
650 4 _aBible
_xVersions
_xCatholic{ch}.
700 1 _aWang Ling
951 _pC-4263
_x00027025
_oBS315.C5/B47ccv/1998
_j070613111210484
_d2000-12-21
_cREF-CH
999 _c14183
_d14183